[Event "1.Kl.Süd 04/05"]
[Site "?"]
[Date "2004.10.02"]
[Round "?"]
[White "Deutinger, Erich"]
[Black "Grundner, Alois"]
[Result "1/2-1/2"]
[WhiteElo "1652"]
[BlackElo "1884"]
[Annotator "Fritz 8 (10s)"]
[PlyCount "58"]

{D05: Damenbauernspiele (Colle-Aufbau)} 1. d4 Nf6 2. Nf3 e6 3. e3 d5 4. Bd3 c5
5. c3 Nc6 6. Nbd2 Bd6 7. O-O O-O 8. Re1 (8. dxc5 Bxc5 9. e4 e5 $11) 8... b6 (
8... e5 $5 9. dxe5 Nxe5 10. Nxe5 Bxe5 $11) 9. e4 $14 dxe4 10. Nxe4 cxd4 $2 (
10... Nxe4 $142 {sieht noch spielbar aus} 11. Bxe4 Qc7 $14) 11. Nxf6+ $18 gxf6
12. Nxd4 (12. Be4 $142 Bb7 13. Nxd4 Nxd4 14. Bxb7 $18 (14. cxd4 $6 Bxe4 15.
Rxe4 f5 $11) (14. Qxd4 $6 Bxe4 15. Rxe4 Kh8 $14)) 12... Ne5 $2 (12... Nxd4 13.
Qg4+ Kh8 14. Qxd4 $16 (14. cxd4 $143 f5 15. Qf3 Rb8 $14)) 13. Re3 (13. Nc6 {
wäre im Gewinnsinne präziser} Qc7 (13... Nxc6 {[%emt 0:00:00]} 14. Bxh7+ {
[%eval 703,10] [%emt 0:00:03]} Kxh7 {[%emt 0:00:03]} 15. Qh5+ {[%eval 988,9] 
[%emt 0:00:00]} Kg8 {[%emt 0:00:02]} 16. Qg4+ {[%eval 1178,9] [%emt 0:00:02]}
Kh7 {[%emt 0:00:02] (Kh8)} 17. Re3 {[%eval 1178,8] [%emt 0:00:02]}) 14. Nxe5 f5
$18 (14... Bxe5 {[%emt 0:00:00]} 15. Bxh7+ {[%eval 550,8] [%emt 0:00:02]} Kxh7
{[%emt 0:00:03]} 16. Qh5+ {[%eval 669,9] [%emt 0:00:00]} Kg8 {[%emt 0:00:02]}
17. Qg4+ {[%eval 494,9] [%emt 0:00:04]} Kh7 {[%emt 0:00:04]} 18. Re3 {[%eval
1422,9] [%emt 0:00:00]})) 13... Ng6 $4 {vergrößert seine Probleme} (13... f5
14. Qh5 f6 15. Rh3 $16) 14. Rf3 (14. Rh3 $142 {und Weiß ist direkt am Ziel} Kg7
(14... e5 {[%emt 0:00:00]} 15. Nf5 {[%eval 325,8] [%emt 0:00:04]}) 15. Be4 $18)
14... e5 $14 15. Bxg6 (15. Nc6 $5 Qc7 16. Rxf6 Qxc6 17. Bxg6 hxg6 18. Rxd6 $16)
15... fxg6 $11 16. Qb3+ Kg7 17. Ne6+ Bxe6 18. Qxe6 Bc5 19. Be3 Bxe3 20. Rxe3 (
20. fxe3 Qc7 $11) 20... Qd2 21. Rh3 Rae8 ({Schwächer scheint} 21... Qxb2 22.
Qd7+ Rf7 23. Rxh7+ Kxh7 24. Qxf7+ Kh6 25. Rf1 $16) 22. Qb3 Rd8 23. Re3 Rd7 24.
Rae1 Rfd8 25. h3 Qd6 26. Qc2 {Hier wurde die Partie remis gegeben} Qc6 (26...
Qc6 27. Qb3 a6 $15) 27. Qb3 Rd2 28. R1e2 Qd5 29. Qxd5 R2xd5 1/2-1/2

[Event "1.Klasse SSüd"]
[Site "Uttendorf"]
[Date "2004.10.23"]
[Round "?"]
[White "Grundner, Alois"]
[Black "Eder, Martin"]
[Result "1/2-1/2"]
[WhiteElo "1884"]
[BlackElo "1753"]
[Annotator "Fritz 8 (10s)"]
[PlyCount "45"]

{D37: Damengambit (5.Lf4)} 1. d4 d5 2. c4 e6 3. Nc3 Nf6 4. Nf3 Be7 5. e3 O-O 6.
Bd3 dxc4 7. Bxc4 a6 8. O-O b5 9. Bd3 Bb7 {letzter Buchzug} 10. b3 Nbd7 11. Bb2
c5 12. Rc1 Rc8 13. Bb1 cxd4 14. exd4 (14. Qxd4 Qa5 $15) 14... Qa5 (14... b4 15.
Na4 $17) 15. Qe2 Ba3 16. Ne5 Nb6 (16... b4 17. Nxd7 Nxd7 $15) 17. Rfd1 $2 (17.
f3 $5 $11) 17... Bxb2 (17... b4 $142 $5 18. Na4 Nxa4 19. bxa4 Bxb2 20. Qxb2
Rfd8 $17 21. Rxc8 {[%emt 0:00:00]} Rxc8 {[%eval -119,9] [%emt 0:00:04]} 22.
Qxb4 {[%emt 0:00:03] (Ld3)} Qxb4 {[%eval -1088,9] [%emt 0:00:03]}) 18. Qxb2 $15
b4 19. Ne2 Rfd8 20. Nc4 (20. Bd3 Nbd5 $15) 20... Nxc4 21. bxc4 Qg5 22. Ng3 Rb8
23. Qd2 1/2-1/2

[Event "1.Kl.Süd"]
[Site "Uttendorf"]
[Date "2004.11.06"]
[Round "?"]
[White "Ljubic, Franjo sen."]
[Black "Grundner, Akius"]
[Result "1/2-1/2"]
[WhiteElo "1667"]
[BlackElo "1884"]
[Annotator "Fritz 8 (10s)"]
[PlyCount "146"]

{D51: Damengambit (Cambridge-Springs-Variante und Abweichungen)} 1. d4 Nf6 2.
c4 e6 3. Nc3 d5 4. Bg5 Nbd7 5. e3 c6 6. c5 e5 7. Nf3 {letzter Buchzug} e4 8.
Ne5 Be7 9. Nxd7 Bxd7 10. Be2 O-O 11. h3 {Der Gegner darf nicht nach g4} Ne8 12.
Bxe7 Qxe7 13. O-O (13. Qb3 Be6 $11) 13... f5 14. Kh2 (14. Qb3 Be6 $11) 14...
Rd8 (14... b6 15. cxb6 axb6 16. Qb3 $15) 15. f4 (15. Qa4 $5 $11 {lohnt die
Prüfung}) 15... exf3 $15 16. Rxf3 Nf6 17. Rg3 (17. Qb3 Rb8 $15) 17... Rde8 {
[%cal Re7e3,Re8e3,Gg3e3] Übt Druck auf den rückständigen Bauern e3 aus} (17...
b6 18. b4 $15) 18. Bh5 (18. Qa4 Qd8 19. Rf3 Qb8+ 20. Kg1 g5 $15) 18... Nxh5 (
18... Ra8 19. Be2 $15) 19. Qxh5 $15 Qf7 (19... f4 20. exf4 Rxf4 21. Qh6 $15)
20. Qg5 $11 Re6 21. Qf4 Rg6 22. Rf1 Qf6 23. Rff3 Rxg3 24. Rxg3 h6 (24... Qf7
25. a4 $11) 25. Qc7 Bc8 26. Ne2 Kh8 27. Nf4 g5 28. Nh5 (28. Nd3 g4 29. Nf4 Re8
$16) 28... Qf7 (28... Qg6 $5 {ist vielleicht stärker} 29. Qe5+ Kh7 $14) 29. Qd6
$16 Kh7 30. Rf3 Be6 (30... b6 31. Ng3 $16) 31. g4 Re8 32. Qe5 Rf8 33. Ng3 Qf6 (
33... Re8 34. Kg2 $16) 34. gxf5 Bc8 35. Qc7+ Qf7 36. Qd6 Qf6 (36... Re8 $16)
37. Qc7+ (37. Qb8 Kg8 $16) 37... Qf7 38. Qxf7+ Rxf7 39. Kg2 (39. e4 $142 dxe4
40. Nxe4 Rxf5 41. Rxf5 Bxf5 42. Nd6 $14) 39... Bd7 $2 (39... h5 40. Nxh5 Bxf5
41. Kh2 $14) 40. Kf2 (40. e4 $142 $5 dxe4 41. Nxe4 Rxf5 42. Nf6+ Rxf6 43. Rxf6
$18) 40... Rf8 41. Ke2 Be8 (41... h5 42. Nxh5 Bxf5 43. Kf2 $16) 42. Kd3 (42. e4
h5 43. Rb3 h4 44. Rxb7+ Rf7 45. Rxf7+ Bxf7 $18) 42... h5 43. e4 h4 44. Ne2 (44.
Nf1 $5 Bh5 45. Rf2 dxe4+ 46. Kxe4 Re8+ 47. Kd3 $16) 44... Bh5 45. Rf2 dxe4+ 46.
Kxe4 Re8+ 47. Kd3 Kg7 (47... Rf8 48. Ke3 $16) 48. Nc3 Bf7 49. a3 Bd5 50. b4 Kf6
51. b5 Re1 (51... Bh1 52. Kd2 $16) 52. Nxd5+ cxd5 53. c6 bxc6 54. bxc6 Re7 55.
Re2 (55. Rc2 $142 $5 Rc7 56. Rc5 $18) 55... Rc7 $11 56. Re5 Rxc6 57. Rxd5 Ra6
58. Ke4 Rxa3 59. Rd6+ Ke7 60. Rg6 Kf7 (60... Rxh3 61. Rxg5 Rg3 62. Rh5 $11) 61.
Rxg5 $14 Rxh3 62. Rh5 a5 63. d5 Rh1 64. d6 h3 65. Rh7+ Kf6 66. d7 Rd1 67. Rxh3
Rxd7 68. Rh6+ Kf7 69. Ra6 Rb7 70. Rxa5 Rb6 71. Ke5 {Weiß aktiviert den König}
Kf8 (71... Rb7 $5 $14 {ist bedenkenswert}) 72. Ra7 $16 Rc6 73. f6 (73. Rb7 Ra6
$16) 73... Rc1 1/2-1/2

[Event "1.Kl.Süd"]
[Site "Uttendorf"]
[Date "2004.11.20"]
[Round "?"]
[White "Grundner, Alois"]
[Black "Neuwirth, Manfred"]
[Result "1-0"]
[WhiteElo "1884"]
[BlackElo "1707"]
[Annotator "Fritz 8 (10s)"]
[PlyCount "92"]

{D09: Albins Gegengambit} 1. d4 d5 2. c4 e5 3. dxe5 d4 4. Nf3 Nc6 5. g3 Bg4 6.
Bg2 Qd7 7. O-O O-O-O 8. Nbd2 Nge7 9. a3 Ng6 10. b4 {letzter Buchzug} Bh3 11.
Bb2 (11. e6 $5 Bxe6 12. Bb2 $16) 11... Bxg2 $11 ({Schlechter ist} 11... Ngxe5
12. b5 Nxf3+ 13. Nxf3 Bxg2 14. Kxg2 $18) 12. Kxg2 Ngxe5 $2 (12... h5 $142 {ist
noch spielbar} 13. Qa4 h4 $14) 13. b5 $18 Nxf3 14. bxc6 Nh4+ 15. gxh4 Qg4+ $2 (
15... Qxc6+ $142 16. Nf3 Bc5 $18) 16. Kh1 Rd6 (16... bxc6 17. Nf3 Bc5 18. Qa4
$18) 17. cxb7+ Kxb7 18. Nf3 c5 19. Rg1 (19. Rb1 {ist genauer} Ka8 $18) 19...
Qe6 (19... Qe4 20. Rb1 Ka8 21. Ba1 $18) 20. Qd3 Rb6 21. Rab1 Bd6 (21... Kc8 {
hilft auch nicht mehr} 22. e3 dxe3 23. Rge1 $18) 22. Ng5 (22. e3 {damit würde
Weiß es sich noch erleichtern} dxe3 23. fxe3 h6 $18) 22... Qe5 23. Qe4+ (23.
Rg2 $142 {entschiede die Partie sofort} Qe7 24. e3 $18) 23... Qxe4+ 24. Nxe4
Bf8 $2 (24... Kc6 25. Nxd6 Kxd6 $18) 25. Ba1 (25. e3 {läßt dem Gegner kaum
Chancen} f5 26. Ng5 Be7 27. exd4 Bf6 $18) 25... f6 (25... f5 26. Ng5 $18) 26.
Rxb6+ axb6 27. e3 dxe3 28. fxe3 h6 (28... h5 {macht keinen großen Unterschied}
29. Nc3 Kc6 30. e4 $18) 29. Rd1 (29. h5 {gibt noch größeren Vorteil} Kc7 $18)
29... Kc7 (29... Kc6 {ändert nichts am Ausgang der Partie} 30. h5 $18) 30. Kg2
(30. Nc3 {und Weiß hätte es noch leichter} Kc6 $18) 30... Be7 31. Nc3 Re8 (
31... Kc6 {ändert nichts mehr} 32. e4 $18) 32. Kf3 Kc6 33. Nb5 Ra8 34. Ke2 Ra4
35. Kd3 Ra8 36. Kc2 (36. Rg1 {ginge schneller} Rd8+ 37. Ke2 Bf8 $18) 36... Rg8
(36... Re8 {holt die Kuh nicht vom Eis} 37. Rd5 $18) 37. Rg1 Re8 (37... Bd8 $18
{hätte noch versucht werden können}) 38. Rxg7 Bd8 (38... Kd7 {würde die Partie
unwesentlich verlängern} 39. Bxf6 Kd8 $18) 39. Bxf6 $1 {Aus die Maus!} Re4 (
39... Bxf6 {Eine Ablenkung} 40. Rc7# {Als Mattkombination reif für die
Taktikbücher}) 40. Kd3 Rxc4 41. Kxc4 h5 42. e4 (42. Bxd8 $6 {wäre ein Fehlgriff
} -- 43. Rc7#) 42... Be7 43. Bxe7 (43. Na7+ Kc7 44. Rxe7+ Kd8 45. Nc6+ Kc8 46.
Be5 b5+ 47. Kxb5 c4 48. Rc7#) 43... Kd7 44. Bxc5+ (44. Bg5+ Kc8 45. Na7+ Kb8
46. Nc6+ Kc8 47. Bf4 b5+ 48. Kxb5 c4 49. Rc7#) 44... Ke6 45. Bxb6 Ke5 46. a4 (
46. Rg6 Kf4 47. Nc3 Kf3 48. Rg3+ Kf4 49. Bc7#) 46... Kf6 (46... Kxe4 {wäre
gleichermaßen fruchtlos} 47. Nd4 Ke3 48. Re7+ Kf4 49. Bc7+ Kg4 50. Rg7+ Kh3 51.
Rg3+ Kxh2 52. Nf3+ Kh1 53. Rg1#) 1-0

[Event "1.Klasse Süd"]
[Site "Uttendorf"]
[Date "2004.12.04"]
[Round "?"]
[White "Stojakovic, Miro"]
[Black "Grundner, Alois"]
[Result "0-1"]
[WhiteElo "1789"]
[BlackElo "1884"]
[Annotator "Fritz 8 (30s)"]
[PlyCount "86"]

{D45: Damengambit (Anti-Meraner Variante)} 1. c4 Nf6 2. Nc3 e6 3. d4 d5 4. e3
c6 5. Nf3 Bd6 6. c5 Bc7 7. b4 Nbd7 {letzter Buchzug} 8. Bb2 O-O 9. Be2 e5 10.
dxe5 Nxe5 11. Qc2 (11. Nd4 Bg4 $11) 11... Qe7 (11... Nxf3+ 12. Bxf3 Ng4 13. Be2
$15) 12. a3 (12. Nxe5 Bxe5 (12... Qxe5 $143 13. Nb5 Qe7 14. Nxc7 Qxc7 15. Bxf6
gxf6 16. Bd3 $16) 13. O-O Bc7 $11) 12... Bd7 13. Rd1 Rae8 14. h3 {Verwehrt dem
Gegner g4} a5 15. O-O (15. Nd4 $142 $5 $11 {ist zu prüfen}) 15... Nxf3+ $17 16.
Bxf3 Qe5 17. Rfe1 $2 (17. g3 $142 $5 {ist interessant} Bf5 18. Qd2 $15) 17...
Bf5 18. Qc1 (18. Qa4 Qh2+ 19. Kf1 Be4 $19) 18... axb4 (18... Be4 19. Bxe4 Qh2+
20. Kf1 dxe4 21. Na2 $19) 19. axb4 (19. Ne2 Qh2+ 20. Kf1 $19) 19... Be4 20.
Bxe4 Qh2+ (20... Nxe4 $6 21. f4 Qf5 22. b5 $15) (20... dxe4 $6 21. g3 Qf5 22.
Ne2 $17) 21. Kf1 Nxe4 (21... dxe4 $5 22. Ne2 Qh1+ 23. Ng1 $19) 22. Nxe4 Rxe4 (
22... dxe4 23. Ke2 $19) 23. Bd4 (23. Ke2 Re6 $17 (23... Qxg2 $4 {den sollte
Schwarz lieber stehen lassen} 24. Rg1 Qxg1 25. Rxg1 $18) (23... Rxb4 {ist
deutlich schlechter} 24. Rh1 Rxb2+ 25. Qxb2 $16)) 23... f5 (23... f6 $142 $19)
24. f4 $2 (24. Ke2 $142 $17) 24... Rfe8 $19 25. Be5 (25. Qd2 Bxf4 $1 {
entscheidet sofort} 26. g3 Qxh3+ 27. Qg2 Qxg3 28. Rd3 $19) 25... Bxe5 26. fxe5
Qxe5 (26... f4 27. e6 R8xe6 $19) 27. Kf2 Rxb4 28. Qa3 Qb2+ (28... Re4 $142 $5 {
damit würde Schwarz es sich noch erleichtern} 29. g3 $19) 29. Qxb2 Rxb2+ 30.
Re2 Rxe2+ 31. Kxe2 f4 32. Rd3 $4 {es war sowieso egal} (32. Kf3 fxe3 33. Ke2
Re5 $19) 32... fxe3 (32... Rxe3+ $142 {und Schwarz ist direkt am Ziel} 33. Rxe3
fxe3 34. Kxe3 Kf7 $19) 33. Rd4 Re7 34. Ra4 Kf7 35. g3 Ke8 36. Rb4 Kd8 37. g4
Kc7 38. h4 (38. g5 Re5 39. g6 hxg6 $19) 38... Re4 39. Rxe4 (39. Rb1 {ist
vielleicht ein Schwindelversuch} Rxg4 40. Kxe3 Rxh4 41. Rf1 Re4+ 42. Kd3 $19)
39... dxe4 40. Kxe3 b6 41. Kxe4 (41. cxb6+ {ist ein letzter Versuch} Kxb6 42.
Kxe4 $19) 41... bxc5 42. Kd3 (42. Ke5 {holt die Kuh nicht vom Eis} Kb6 $19)
42... Kd6 43. Kc4 Ke5 (43... Ke5 44. Kxc5 Kf4 $19) (43... h6 $142 {und nichts
geht mehr} 44. h5 Ke5 $19) 0-1

[Event "1.Klasse Süd"]
[Site "Uttendorf"]
[Date "2005.01.15"]
[Round "?"]
[White "Grundner, Alois"]
[Black "Buchebner, Markus"]
[Result "0-1"]
[WhiteElo "1884"]
[BlackElo "2003"]
[Annotator "Fritz 8 (30s)"]
[PlyCount "34"]

{D18: Damengambit (Slawische Verteidigung, Hauptvariante)} 1. d4 d5 2. c4 c6 3.
Nc3 Nf6 4. Nf3 dxc4 5. a4 Bf5 6. e3 e6 {Kontrolliert d5} 7. Bxc4 Bb4 8. O-O
Nbd7 9. Qe2 Bg6 10. Bd2 a5 11. Rac1 O-O 12. Bb3 (12. Bd3 Bh5 13. e4 e5 $11)
12... Qb6 13. Bc2 Bh5 14. Qd3 Rad8 15. Ng5 $2 {[%cal Rc2h7,Rd3h7,Rg5h7,Gf6h7,
Gg8h7] Alles auf h7!} (15. Ne4 $142 $15 {war notwendig}) 15... Ne5 $1 $19 {Die
Räumung erlaubt d8-d3} 16. dxe5 {Nutzt die Fesselung aus.} Rxd3 17. Bxd3 Rd8 (
17... Rd8 18. exf6 Rxd3 $19) 0-1

[Event "Lienz Open 2005"]
[Site "Lienz"]
[Date "2005.02.19"]
[Round "9"]
[White "Grundner, Alois"]
[Black "Munz, Erich"]
[Result "1-0"]
[WhiteElo "1884"]
[BlackElo "1614"]
[Annotator "Fritz 8 (30s)"]
[PlyCount "115"]
[EventDate "2005.02.19"]
[EventRounds "9"]

{D52: Damengambit (Cambridge-Springs-Variante)} 1. d4 d5 2. c4 Nf6 3. Nc3 e6 4.
Bg5 c6 {Punkt b5} 5. e3 Nbd7 6. Nf3 Bb4 7. Qc2 Qa5 8. Bxf6 Nxf6 9. Nd2 O-O 10.
Bd3 Re8 11. Nb3 (11. O-O Be7 $11) 11... Bxc3+ (11... Qc7 12. a3 Be7 13. f4 $15)
12. bxc3 Qc7 13. f4 Bd7 14. O-O b6 {Verhindert das Eindringen auf a5+c5} 15. c5
{Raumgewinn} b5 (15... Qd8 16. a4 $14) 16. Rf3 g6 {Kontrolliert f5} 17. Nd2 Nh5
(17... Rab8 18. a3 $14) 18. g4 (18. e4 Nxf4 19. e5 Nxd3 20. Qxd3 f5 $16) 18...
Ng7 19. Rg3 f5 (19... Rf8 20. Rf1 $14) 20. Nf3 fxg4 21. Ne5 (21. Rxg4 $2 {ist
nicht korrekt} e5 {Motiv: Räumung für den Zug e8-e5} 22. Bxg6 Bxg4 23. Bxh7+
Kh8 24. Nxe5 Bh5 $19) 21... Nf5 22. Nxg4 ({Schlechter scheint} 22. Rxg4 Nxe3
23. Qe2 Nxg4 24. Qxg4 Re7 $17) 22... Nxg3 23. Nf6+ Kg7 24. Nxe8+ Rxe8 25. hxg3
Rh8 26. Kg2 Be8 27. a4 a6 28. axb5 axb5 29. Ra6 Bd7 30. Qa2 Rb8 31. Qa3 Bc8 32.
Qa5 Qxa5 33. Rxa5 Rb7 34. Ra6 Rc7 35. Ra8 Bd7 36. g4 e5 37. Kg3 (37. fxe5 $142
$5 Bxg4 38. e4 dxe4 39. Bxe4 $16) 37... e4 $14 38. Be2 Bc8 39. Kh4 Kf6 40. g5+
Kg7 (40... Kf7 $5 $14) 41. Bg4 $16 Bf5 $4 {führt zu weiterem Ungemach} (41...
Bxg4 $142 42. Kxg4 Kf7 $16) 42. Bxf5 $18 gxf5 43. Kh5 Re7 44. Rc8 Re6 45. Rc7+
Kg8 46. Rd7 Rg6 47. Re7 Kh8 48. Rf7 Kg8 (48... Rg8 {ändert den Lauf der Dinge
nicht} 49. Rxf5 Ra8 50. Rf6 $18) 49. Rxf5 Kg7 (49... Rg7 {würde die Partie
unwesentlich verlängern} 50. Rf6 Ra7 51. Rxc6 Ra3 52. Rc8+ Kf7 53. Rc7+ Ke8 54.
Rxh7 Rxc3 $18) 50. Re5 Kf7 (50... b4 {macht keinen großen Unterschied} 51. cxb4
Kf8 52. f5 $18) 51. f5 Rg8 52. Re6 (52. f6 Ra8 53. Re7+ Kf8 54. Rxh7 Ra1 $18)
52... Rc8 (52... Ra8 53. Kh6 Ra2 54. Kxh7 Rh2+ 55. Rh6 Rg2 56. Rf6+ Ke7 57.
Re6+ Kd7 $18) 53. Kh6 Rc7 (53... Kg8 {wäre noch eine kleine Chance} 54. f6 Ra8
$18) 54. Kxh7 Kf8+ 55. Kh6 (55. Kh8 Rf7 56. g6 Re7 57. Rxe7 Kxe7 58. g7 Kf7 59.
g8=Q+ Ke7 60. Qg7+ Ke8 61. f6 Kd8 62. Qe7+ Kc8 63. f7 b4 64. f8=Q#) 55... Kg8
56. g6 Kf8 57. g7+ $1 {Er hatte sowieso materiellen Vorteil} Rxg7 {Hinlenkung
nach g7} 58. Re8+ $3 {das krönende Opfer} (58. Re8+ Kf7 59. Re7+ Kf6 60. Rxg7
Kxf5 61. Rc7 $18) 1-0

[Event "LL B"]
[Site "Uttendorf"]
[Date "2006.01.21"]
[Round "?"]
[White "Grundner, Alois"]
[Black "Ranftl, Josef"]
[Result "1-0"]
[WhiteElo "1854"]
[BlackElo "1610"]
[Annotator "Fritz 8 (15s)"]
[PlyCount "71"]
[TimeControl "240+2"]

{96MB, Fritz8.ctg, OEMComputer A40: Verschiedene (seltene) Antworten auf 1.d4} 
1. d4 b6 2. c4 Bb7 3. Nc3 e6 4. e4 {letzter Buchzug} g6 5. Nf3 Bg7 6. Be2 h5 (
6... Ne7 7. O-O $14) 7. Bg5 Bf6 8. Be3 Nc6 9. Qd2 a6 10. O-O Bg7 11. Rae1 Nh6
12. d5 Na7 13. h3 e5 14. Nxe5 Bxe5 15. Bxh6 Qe7 16. Be3 d6 17. f4 Bxc3 (17...
Bg7 18. Bd3 $18) 18. Qxc3 O-O-O (18... O-O 19. Bd4 f6 20. f5 $18) 19. Bd4 {
[%cal Ye4e5] Will e5 spielen} Rhe8 20. Bf6 Qd7 21. Bf3 {[%cal Ye4e5] Weiß
bereitet e5 vor} Kb8 22. Bxd8 Qxd8 23. e5 Nc8 24. b4 Qh4 (24... h4 {hilft auch
nicht mehr} 25. a4 $18) 25. Be4 (25. c5 $5 {wäre im Gewinnsinne präziser} Qxf4
26. exd6 Rxe1 27. dxc7+ Qxc7 28. Rxe1 g5 $18 29. d6 {[%emt 0:00:00]}) 25...
dxe5 26. fxe5 f5 (26... Qg5 {lenkt vielleicht noch ab} 27. Bd3 Re7 $18) 27.
exf6 Rxe4 (27... Rf8 {ist vielleicht ein Schwindelversuch} 28. Bxg6 Qg5 $18)
28. Rxe4 Qxe4 29. f7 b5 30. f8=Q bxc4 31. Qff3 Qxd5 32. Qxd5 Bxd5 33. Rf6 g5 (
33... Nd6 {ändert nichts mehr} 34. Rxg6 Kb7 35. Qe5 $18 (35. Qd4 {[%emt 0:00:
00]} Bc6 {[%eval 947,11] [%emt 0:00:12]} 36. Rxd6 {[%emt 0:00:04]} cxd6 {
[%eval 822,10] [%emt 0:00:05]} 37. Qxc4 {[%emt 0:00:01]} Kb6 {[%eval 869,10] 
[%emt 0:00:08]} 38. Qd4+ {[%emt 0:00:14]} Kc7 {[%eval 937,11] [%emt 0:00:14]}
39. Qa7+ {[%emt 0:00:01]})) 34. Rxa6 (34. Qd4 $142 {ist genauer} Nb6 35. Rxb6+
cxb6 36. Qxd5 b5 37. Qxg5 Kc7 $18) 34... Nb6 (34... g4 {ändert nichts am
Ausgang der Partie} 35. Ra5 Nb6 36. Qh8+ Kb7 37. Qxh5 $18) 35. Rxb6+ $1 {
Beseitigt den Bauernschutz} cxb6 36. Qd4 (36. Qd4 Bb7 37. Qxb6 $18) (36. Qe5+
$5 {gibt noch größeren Vorteil} Ka7 37. Qxd5 g4 $18) 1-0

[Event "Lienz Open 2005"]
[Site "Lienz"]
[Date "2005.02.17"]
[Round "7"]
[White "Grundner, Alois"]
[Black "Saxer, Bernhard"]
[Result "0-1"]
[WhiteElo "1884"]
[BlackElo "2038"]
[Annotator "Fritz 8 (15s)"]
[PlyCount "58"]
[EventDate "2005.02.19"]
[EventRounds "9"]
[TimeControl "300"]

{96MB, OEMComputer E70: Königsindisch (Weiß spielt früh e2-e4)} 1. d4 Nf6 2. c4
g6 3. Nc3 Bg7 4. e4 O-O 5. e5 {Weiß erobert Raum} Ne8 6. Be2 d6 7. Nf3 c5 (7...
Bg4 8. O-O $14) 8. dxc5 $16 Nc6 9. cxd6 Nxe5 10. Nxe5 Bxe5 11. Bh6 Ng7 12. dxe7
Qxe7 (12... Bxc3+ 13. bxc3 Qxe7 $16) 13. Bxg7 (13. Nd5 $5 Qd8 14. Qd2 $16)
13... Kxg7 (13... Bxg7 14. Qd2 $11) 14. Nd5 $14 {Der Springer ist gut plaziert}
Qg5 (14... Qh4 15. Qd2 $14) 15. O-O Bxb2 16. Rb1 Qe5 17. Kh1 (17. Bf3 Bf5 18.
Re1 Qd4 19. Qxd4+ Bxd4 20. Rxb7 Rab8 $16) 17... Ba3 18. f4 Qd6 19. Rb3 Bc5 {
Der Läufer steht auf c5 komfortabel} 20. g4 (20. Bg4 Qa6 21. Bxc8 Raxc8 $14)
20... f6 (20... b6 21. Bf3 Bb7 22. g5 $11) 21. Rh3 (21. g5 $5 $14 {ist
bedenkenswert}) 21... b5 22. cxb5 Bb7 (22... a6 $11) 23. Bf3 (23. Rd3 $142 $14
{und Weiß kann noch kämpfen}) 23... Rad8 $17 24. Nc3 Qxf4 25. Qe2 $2 (25. Qc1
$5 Bxf3+ 26. Rhxf3 Qxg4 27. Ne4 Qxe4 28. Qxc5 $17) 25... Qxg4 (25... Rfe8 $142
{nun kommt Schwarz in Vorteil} 26. Qg2 Rd2 27. Bxb7 Rxg2 28. Bxg2 Qxg4 $19) 26.
Rg3 $17 Bxf3+ 27. Rgxf3 (27. Rfxf3 $5 Qh5 28. a3 $17) 27... Rfe8 $19 28. Qc2
Re1 29. Rxf6 $4 {es war sowieso egal.} (29. Qg2 Qxg2+ 30. Kxg2 Rd2+ 31. Kh1
Rxf1+ 32. Rxf1 $19) 29... Qg1+ $5 (29... Qg1+ 30. Rxg1 Rxg1#) 0-1

[Event "Lienz Open 2005"]
[Site "Uttendorf"]
[Date "2005.02.16"]
[Round "6"]
[White "Grundner, Alois"]
[Black "Januschke, Guenther"]
[Result "1/2-1/2"]
[WhiteElo "1884"]
[BlackElo "1953"]
[Annotator "Fritz 8 (15s)"]
[PlyCount "24"]
[TimeControl "300"]

{96MB, OEMComputer E38: Nimzoindisch (4.Dc2)} 1. d4 Nf6 2. c4 e6 3. Nc3 Bb4 4.
Qc2 c5 5. e3 O-O 6. Nf3 Nc6 7. Bd3 d5 8. O-O dxc4 9. Bxc4 a6 {Überdeckt b5} (
9... cxd4 10. Rd1 $11) 10. a3 Bxc3 11. bxc3 b5 12. Ba2 Bb7 1/2-1/2

[Event "Lienz Open 2005"]
[Site "Uttendorf"]
[Date "2005.02.15"]
[Round "5"]
[White "Rohracher, Christian"]
[Black "Grundner, Alois"]
[Result "0-1"]
[WhiteElo "1676"]
[BlackElo "1884"]
[Annotator "Fritz 8 (15s)"]
[PlyCount "62"]
[TimeControl "300"]

{96MB, OEMComputer D63: Damengambit (Hauptvariante mit 7.Tc1)} 1. d4 Nf6 2. c4
e6 3. Nc3 d5 4. Bg5 Nbd7 5. Nf3 Be7 6. e3 O-O 7. Rc1 Re8 8. Qc2 Nf8 9. Ne5 c6 {
Nimmt Einfluß auf b5} 10. Bd3 N6d7 11. Bf4 f6 {Verwehrt dem Gegner g5} 12. Nf3
(12. Nxd7 Qxd7 13. O-O f5 $14) 12... Bb4 (12... e5 $142 13. dxe5 fxe5 14. Nxe5
Nxe5 15. Bxe5 Bc5 $14) 13. g4 $4 {wirft den Vorteil weg} (13. cxd5 $142 $5 exd5
14. a3 Bxc3+ 15. Qxc3 $16) 13... Qa5 (13... e5 14. dxe5 Nxe5 15. Bxe5 fxe5 16.
cxd5 Bxc3+ 17. bxc3 Bxg4 18. Be4 cxd5 19. Rd1 Bxf3 20. Bxf3 $17) 14. a3 (14.
cxd5 $5 {kam sehr in Betracht} cxd5 15. Bg3 $11) 14... Bxc3+ $17 15. Qxc3 Qxc3+
16. Rxc3 e5 17. Bxh7+ $2 (17. Bg3 $142 e4 18. cxd5 cxd5 19. Be2 exf3 20. Bxf3
$17) 17... Nxh7 $19 18. Bg3 (18. dxe5 {ändert nichts mehr} Nxe5 19. Nd2 d4 $19)
18... dxc4 (18... Nb6 {erleichterte Schwarz die Gewinnführung} 19. h3 Nxc4 20.
dxe5 Nxe5 21. Nd2 $19) 19. Rxc4 (19. dxe5 Nxe5 (19... fxe5 $143 20. Rxc4 Nb6
21. Re4 $19) 20. Nxe5 fxe5 (20... Rxe5 $6 21. Bxe5 fxe5 22. Rxc4 $19) 21. Rxc4
Be6 $19) 19... Nb6 20. Rb4 Bxg4 21. Nd2 exd4 (21... Nd5 $142 $5 {ist genauer}
22. Rb3 exd4 23. e4 $19) 22. Rxd4 Bh3 23. Rg1 Rad8 (23... Nd5 {damit würde
Schwarz es sich noch erleichtern} 24. Re4 $19) 24. Rh4 (24. Rxd8 Rxd8 25. Bc7
Rd7 26. Bxb6 axb6 $19) 24... Bf5 (24... Ng5 {und Schwarz hätte es noch leichter
} 25. Rf4 Be6 26. Rf1 $19) 25. Rf4 (25. Bc7 {ändert den Lauf der Dinge nicht}
Rd7 26. Bxb6 axb6 $19) 25... Bd3 (25... Rd5 $5 {gibt noch größeren Vorteil} 26.
h4 $19) 26. h4 Nd5 27. Ra4 a6 28. h5 (28. Kd1 {hilft auch nicht mehr} Nb6 29.
Rf4 Rd7 $19) 28... Bb5 (28... Ng5 {läßt dem Gegner kaum Chancen} 29. Rh4 $19)
29. Rh4 Ng5 30. Bf4 (30. Rg2 $19 {ist ein letzter Strohhalm}) 30... Nxf4 31.
Rxf4 Nh3 (31... Nh3 32. Rfg4 Nxg1 33. Rxg1 Re5 $19) 0-1